000
00329nam a22001457a 4500
008
221011b ||||| |||| 00| 0 eng d
020
_a
047112205X
041
_a
eng
080
_2
THIRD EDITION
_a
159.2
082
_a
159.2 REY
100
_a
25.2
101
_a
PSI
245
_a
SCHOOL PSYCHOLOGY
_c
REYNOLDS C
942
_2
udc
_c
BK
999
_c
58485
_d
58485